An introduction to chemical thermodynamics (Record no. 64433)

000 -LEADER
fixed length control field 00460nam a22001817a 4500
003 - CONTROL NUMBER IDENTIFIER
control field NUST - PNEC
005 - DATE AND TIME OF LATEST TRANSACTION
control field 20170116180842.0
008 - FIXED-LENGTH DATA ELEMENTS--GENERAL INFORMATION
fixed length control field 150822b xxu||||| |||| 00| 0 eng d
020 ## - INTERNATIONAL STANDARD BOOK NUMBER
International Standard Book Number 0706999355
040 ## - CATALOGING SOURCE
Transcribing agency LIBRARY
082 ## - DEWEY DECIMAL CLASSIFICATION NUMBER
Classification number 541.369 RAS
100 ## - MAIN ENTRY--PERSONAL NAME
9 (RLIN) 5420
Personal name Rastogi, R. P.
245 ## - TITLE STATEMENT
Title An introduction to chemical thermodynamics
Statement of responsibility, etc. R.P Rastogi,
250 ## - EDITION STATEMENT
Edition statement 6th ed
260 ## - PUBLICATION, DISTRIBUTION, ETC.
Date of publication, distribution, etc. c1995.
650 ## - SUBJECT ADDED ENTRY--TOPICAL TERM
9 (RLIN) 5421
Topical term or geographic name entry element Thermodynamics
General subdivision ME
942 ## - ADDED ENTRY ELEMENTS (KOHA)
Source of classification or shelving scheme
Koha item type Book
Holdings
Withdrawn status Lost status Source of classification or shelving scheme Damaged status Not for loan Permanent Location Current Location Shelving location Date acquired Total Checkouts Full call number Barcode Date last seen Price effective from Koha item type
          Pakistan Navy Engineering College (PNEC) Pakistan Navy Engineering College (PNEC)       541.369 RAS PNECLIB-027065 08/22/2015   Book
© 2023 Central Library, National University of Sciences and Technology. All Rights Reserved.